Final Word of Taylor Swift Songs - Statistics

General Stats
  • This quiz has been taken 27 times
  • The average score is 8 of 15
Answer Stats
Hint Answer % Correct
Shake It Off off
90%
Should've Said No me
75%
I Knew You Were Trouble trouble
75%
no body, no crime died
65%
Red street
65%
Haunted it
60%
Message In A Bottle you
60%
willow man
55%
The Archer combat
50%
right where you left me forever
50%
Long Live remembered
50%
State of Grace right
45%
Teardrops on My Guitar see
45%
Fifteen doors
35%
Change hallelujah
20%
No matching quizzes found
Score Distribution
Percent of People with Each Score
Percentile by Number Answered
Your Score History
You have not taken this quiz